000 00530nam a2200193Ia 4500
003 GCL
008 140319s9999 xx 000 0 ara d
040 _aGCL /
_cGCL
082 0 4 _a928.3
_bح د
100 1 _aحسن محمود
245 1 0 _aدستويفسكى: حياته المضطربة /
_cحسن محمود
300 _a127 ص
490 _aاقرأ
_v0
650 0 4 _aالادب الروسى
650 0 4 _aالادباء
650 0 4 _aالادباء الروسيون
650 0 4 _aدستويفسكى
942 _2ddc
_cBK
999 _c41147
_d41147